| 000 | 00464nam a2200121Ia 4500 | ||
|---|---|---|---|
| 008 | 231129s9999||||xx |||||||||||||| ||spa|| | ||
| 020 | _a978-958-775-219-9 | ||
| 082 | _a658.40352 G516s | ||
| 100 | _aGiraldo García Jaime Alberto | ||
| 245 | 0 | _aSimulación de sistemas de producción y de servicios | |
| 264 | _aManizales Colombia : Universidad Nacional de Colombia. Facultad de Ingeniería y Arquitectura | ||
| 942 |
_2ddc _cBKS |
||
| 999 |
_c24634 _d24634 |
||